Let the Games Begin! : A Sticker and Activity book

Bibliographic Details
Main Author: Vitale, Brooke (Author)
Other Authors: Johnson, Shane L. (Illustrator)
Format: Book
Published: New York : Penguin Young Readers Licences 2019
Subjects:

MARC

LEADER 00000cam a2200000 7i4500
001 0000241237
005 20210730182401.0
006 a ###j ###
007 t
008 t nyua j eng
020 |a 9781524792152 
040 |a MBPJ   |b eng   |c MBPJ   |e rda 
090 0 0 |a JF   |b VIT 
100 1 |a Vitale, Brooke ,   |e author 
245 1 0 |a Let the Games Begin! :   |b A Sticker and Activity book   |c by Brooke Vitale; illustrated by Shane L. Johnson 
264 1 |a New York :   |b Penguin Young Readers Licences   |c 2019 
264 4 |c ©2016-2019 
300 |a 16 pages :   |b colour illustrations ;   |c 28 cm. 
336 |a still image  |2 rdacontent 
336 |a tex  |2 rdacontent 
337 |a unmediated  |2 rdamedia 
338 |a volume  |2 rdacarrier 
650 0 |a Games   |x Juvenile literature 
650 0 |a Puzzles   |v Juvenile literature 
700 1 |a Johnson, Shane L. ,   |e illustrator 
999 |a 00390775   |b BUKU   |c PINJAMAN   |e PERPUSTAKAAN KOMUNITI PETALING JAYA